<?xml version="1.0" encoding="UTF-8"?>
<record
    xmlns:xsi="http://www.w3.org/2001/XMLSchema-instance"
    xsi:schemaLocation="http://www.loc.gov/MARC21/slim http://www.loc.gov/standards/marcxml/schema/MARC21slim.xsd"
    xmlns="http://www.loc.gov/MARC21/slim">

  <leader>01471nam a22002417a 4500</leader>
  <controlfield tag="003">OSt</controlfield>
  <controlfield tag="005">20210630090203.0</controlfield>
  <controlfield tag="008">111201t        xxu||||| |||| 00| 0 eng d</controlfield>
  <datafield tag="020" ind1=" " ind2=" ">
    <subfield code="a">0393966518</subfield>
  </datafield>
  <datafield tag="040" ind1=" " ind2=" ">
    <subfield code="c">LC</subfield>
  </datafield>
  <datafield tag="050" ind1=" " ind2=" ">
    <subfield code="a">HJ257.2.S84</subfield>
  </datafield>
  <datafield tag="100" ind1=" " ind2=" ">
    <subfield code="a">Stiglitz, Joseph E.</subfield>
  </datafield>
  <datafield tag="245" ind1=" " ind2=" ">
    <subfield code="a">Economics of the public sector. /</subfield>
    <subfield code="c">Joseph E. Stiglitz</subfield>
  </datafield>
  <datafield tag="250" ind1=" " ind2=" ">
    <subfield code="a">3rd ed.</subfield>
  </datafield>
  <datafield tag="260" ind1=" " ind2=" ">
    <subfield code="a">New York:</subfield>
    <subfield code="b">W.W.Norton and Company,</subfield>
    <subfield code="c">2000.</subfield>
  </datafield>
  <datafield tag="300" ind1=" " ind2=" ">
    <subfield code="a">xxiii, 823 p.:</subfield>
    <subfield code="b">ill.; (col.)</subfield>
  </datafield>
  <datafield tag="500" ind1=" " ind2=" ">
    <subfield code="a">Includes index.</subfield>
  </datafield>
  <datafield tag="505" ind1=" " ind2=" ">
    <subfield code="a">Contents: The public sector in a mixed economy -- The public sector in the United states -- Market efficiency -- Market failure -- Efficiency and equity -- Public goods and publicly provided private goods -- Public choice -- Public production and bureaucracy -- Externalities and the environment -- The analysis of expenditure policy -- Cost-benefit analysis -- Health care -- Defense and technology -- Social insurance -- Welfare programs and the redistribution of income -- Education -- Introduction to taxation --- Tax incidence -- Taxation and economic efficiency -- Optimal taxation -- Taxation capital -- The personal income tax -- The corporation income tax -- Student's guide to tax avoidance  -- Reform of the tax system -- Fiscal federalism -- State and local taxes and expenditures --  Deficit finance -- </subfield>
  </datafield>
  <datafield tag="650" ind1=" " ind2=" ">
    <subfield code="a">Economics.</subfield>
  </datafield>
  <datafield tag="653" ind1=" " ind2=" ">
    <subfield code="a">Finance, Public -- United States</subfield>
  </datafield>
  <datafield tag="653" ind1=" " ind2=" ">
    <subfield code="a">Fiscal policy -- United States</subfield>
  </datafield>
  <datafield tag="942" ind1=" " ind2=" ">
    <subfield code="2">lcc</subfield>
    <subfield code="c">BK</subfield>
  </datafield>
  <datafield tag="999" ind1=" " ind2=" ">
    <subfield code="c">7683</subfield>
    <subfield code="d">15183</subfield>
  </datafield>
  <datafield tag="952" ind1=" " ind2=" ">
    <subfield code="0">0</subfield>
    <subfield code="1">0</subfield>
    <subfield code="2">lcc</subfield>
    <subfield code="4">0</subfield>
    <subfield code="7">0</subfield>
    <subfield code="a">WIUC-KL</subfield>
    <subfield code="b">WIUC-KL</subfield>
    <subfield code="c">GEN</subfield>
    <subfield code="d">2019-10-28</subfield>
    <subfield code="o">HJ257.2.S84(3e)</subfield>
    <subfield code="p">K/742/742/19</subfield>
    <subfield code="r">2021-06-30 00:00:00</subfield>
    <subfield code="t">1</subfield>
    <subfield code="w">2021-06-30</subfield>
    <subfield code="y">BK</subfield>
  </datafield>
  <datafield tag="952" ind1=" " ind2=" ">
    <subfield code="0">0</subfield>
    <subfield code="1">0</subfield>
    <subfield code="2">lcc</subfield>
    <subfield code="4">0</subfield>
    <subfield code="7">0</subfield>
    <subfield code="a">WIUC-KL</subfield>
    <subfield code="b">WIUC-KL</subfield>
    <subfield code="c">GEN</subfield>
    <subfield code="d">2019-10-28</subfield>
    <subfield code="l">0</subfield>
    <subfield code="o">HJ257.2.S841(3e)</subfield>
    <subfield code="p">K/743/743/19</subfield>
    <subfield code="r">2021-06-30 00:00:00</subfield>
    <subfield code="t">2</subfield>
    <subfield code="w">2021-06-30</subfield>
    <subfield code="y">BK</subfield>
  </datafield>
  <datafield tag="952" ind1=" " ind2=" ">
    <subfield code="0">0</subfield>
    <subfield code="1">0</subfield>
    <subfield code="2">lcc</subfield>
    <subfield code="4">0</subfield>
    <subfield code="7">0</subfield>
    <subfield code="a">WIUC-KL</subfield>
    <subfield code="b">WIUC-KL</subfield>
    <subfield code="c">GEN</subfield>
    <subfield code="d">2019-10-28</subfield>
    <subfield code="l">0</subfield>
    <subfield code="o">HJ257.2.S842(3e)</subfield>
    <subfield code="p">K/744/744/19</subfield>
    <subfield code="r">2021-06-30 00:00:00</subfield>
    <subfield code="t">3</subfield>
    <subfield code="w">2021-06-30</subfield>
    <subfield code="y">BK</subfield>
  </datafield>
  <datafield tag="952" ind1=" " ind2=" ">
    <subfield code="0">0</subfield>
    <subfield code="1">0</subfield>
    <subfield code="2">lcc</subfield>
    <subfield code="4">0</subfield>
    <subfield code="7">0</subfield>
    <subfield code="a">WIUC-KL</subfield>
    <subfield code="b">WIUC-KL</subfield>
    <subfield code="c">GEN</subfield>
    <subfield code="d">2019-10-28</subfield>
    <subfield code="o">HJ257.2.S843(3e)</subfield>
    <subfield code="p">K/745/745/19</subfield>
    <subfield code="r">2021-06-30 00:00:00</subfield>
    <subfield code="t">4</subfield>
    <subfield code="w">2021-06-30</subfield>
    <subfield code="y">BK</subfield>
  </datafield>
  <datafield tag="952" ind1=" " ind2=" ">
    <subfield code="0">0</subfield>
    <subfield code="1">0</subfield>
    <subfield code="2">lcc</subfield>
    <subfield code="4">0</subfield>
    <subfield code="7">0</subfield>
    <subfield code="a">WIUC-KL</subfield>
    <subfield code="b">WIUC-KL</subfield>
    <subfield code="c">GEN</subfield>
    <subfield code="d">2019-10-28</subfield>
    <subfield code="l">0</subfield>
    <subfield code="o">HJ257.2.S844(3e)</subfield>
    <subfield code="p">K/746/746/19</subfield>
    <subfield code="r">2021-06-30 00:00:00</subfield>
    <subfield code="t">5</subfield>
    <subfield code="w">2021-06-30</subfield>
    <subfield code="y">BK</subfield>
  </datafield>
  <datafield tag="952" ind1=" " ind2=" ">
    <subfield code="0">0</subfield>
    <subfield code="1">0</subfield>
    <subfield code="2">lcc</subfield>
    <subfield code="4">0</subfield>
    <subfield code="7">0</subfield>
    <subfield code="a">WIUC-KL</subfield>
    <subfield code="b">WIUC-KL</subfield>
    <subfield code="c">GEN</subfield>
    <subfield code="d">2019-10-28</subfield>
    <subfield code="l">0</subfield>
    <subfield code="o">HJ257.2.S845(3e)</subfield>
    <subfield code="p">K/843/843/19</subfield>
    <subfield code="r">2021-06-30 00:00:00</subfield>
    <subfield code="t">6</subfield>
    <subfield code="w">2021-06-30</subfield>
    <subfield code="y">BK</subfield>
  </datafield>
  <datafield tag="952" ind1=" " ind2=" ">
    <subfield code="0">0</subfield>
    <subfield code="1">0</subfield>
    <subfield code="2">lcc</subfield>
    <subfield code="4">0</subfield>
    <subfield code="7">0</subfield>
    <subfield code="a">WIUC-KL</subfield>
    <subfield code="b">WIUC-KL</subfield>
    <subfield code="c">GEN</subfield>
    <subfield code="d">2019-10-28</subfield>
    <subfield code="l">0</subfield>
    <subfield code="o">HJ257.2.S846(3e)</subfield>
    <subfield code="p">K/844/844/19</subfield>
    <subfield code="r">2021-06-30 00:00:00</subfield>
    <subfield code="t">7</subfield>
    <subfield code="w">2021-06-30</subfield>
    <subfield code="y">BK</subfield>
  </datafield>
</record>
